Educación: riesgos y promesas de las nuevas tecnologías de la información

Salvato in:
Dettagli Bibliografici
Autori principali: Burbules, Nicholas C (Autore), Callister, Thomas A (Autore)
Natura: Libro
Lingua:spagnolo
Pubblicazione: Barcelona Granica 2001
Serie:Nuevas Perspectivas en Educación
Soggetti:
Tags: Aggiungi Tag
Nessun Tag, puoi essere il primo ad aggiungerne!!

MARC

LEADER 00000nam a2200000 a 4500
001 UCM2970
003 CL-VaPUC
008 020621e20010000SP |||||||||||||||||spa|d
082 0 4 |a 371.33  |b BUR  |2 21 
100 0 |a Burbules, Nicholas C  |e author  |9 469761 
700 0 |a Callister, Thomas A  |e author  |9 469762 
245 1 0 |a Educación: riesgos y promesas de las nuevas tecnologías de la información 
300 |a 303 p 
942 |c BK 
945 |d 20020621 00:00:00  |a cmena 
260 |a Barcelona  |b Granica  |c 2001 
650 7 |a TECNOLOGIA DE LAS COMUNICACIONES  |2 CL-VaPUC  |9 338274 
650 0 |a Innovaciones pedagógicas  |9 307471 
650 0 |a Aplicaciones de computadores  |9 260401 
583 |a last modification  |c 20020621 00:00:00  |k Rodrigo Vera 
490 0 |a Nuevas Perspectivas en Educación 
999 |c 300579  |d 300577 
952 |0 0  |1 0  |4 0  |6 371_330000000000000_BUR_2001  |7 0  |8 A  |9 358510  |a BIBEDU  |b BIBEDU  |d 2019-11-21  |i 3820521  |o 371.33 BUR 2001  |p 3820521  |r 2019-11-21  |w 2019-11-21  |y BK  |k EPE 
952 |0 0  |1 0  |4 0  |6 371_330000000000000_BUR_2001  |7 0  |8 A  |9 358511  |a BIBEDU  |b BIBEDU  |d 2019-11-21  |i 3848620  |o 371.33 BUR 2001  |p 3848620  |r 2019-11-21  |w 2019-11-21  |y BK  |k PSI